[Event "DSOL 07 Liga Gr-A 1st"]
[Site "Playchess.com INT"]
[Date "2020.07.30"]
[Round "6.2"]
[White "Kaiser, Robert"]
[Black "Hirning, Maxim"]
[Result "0-1"]
[WhiteElo "1500"]
[BlackElo "1397"]
[PlyCount "80"]
[EventDate "2020.06.22"]
[EventType "team-tourn (rapid)"]
[EventCountry "GER"]
[SourceTitle "EXT 2021"]
[Source "ChessBase"]
[SourceDate "2020.10.23"]
[SourceVersion "1"]
[SourceVersionDate "2020.10.23"]
[SourceQuality "1"]
[WhiteTeam "Rheinfelden"]
[BlackTeam "Bettringen"]
[WhiteTeamCountry "GER"]
[BlackTeamCountry "GER"]

1. e4 c5 2. Nf3 d6 3. d4 cxd4 4. Nxd4 Nc6 5. Be2 g6 6. 0-0 Bg7 7. Be3 Nf6 8. Nc3 0-0 9. Qd2 a6 10. Bh6 Bxh6 11. Nxc6 Bxd2 12. Nxd8 Bxc3 13. bxc3 Rxd8 14. Bf3 Bg4 15. Bxg4 Nxg4 16. h3 Ne5 17. Rab1 b5 18. Rfd1 Rac8 19. Rb3 Rc6 20. f4 Nd7 21. e5 dxe5 22. fxe5 e6 23. a4 Rb6 24. axb5 Rxb5 25. Rxb5 axb5 26. Rd4 Kf8 27. c4 bxc4 28. Kf2 Ke7 29. Rxc4 Nxe5 30. Rc7+ Rd7 31. Rxd7+ Kxd7 32. Ke3 Nc4+ 33. Kd3 Na3 34. c4 Kd6 35. Kc3 e5 36. Kb3 e4 37. c5+ Kxc5 38. Kc3 f5 39. Kd2 Kd4 40. g3 g5 0-1